Romperlo todo (Record no. 61020)

MARC details
000 -LEADER
campo de control de longitud fija 02599nac a2200469 a 4500
003 - IDENTIFICADOR DE NÚMERO DE CONTROL
campo de control CO-PeBPM
005 - FECHA Y HORA DE LA ÚLTIMA TRANSACCIÓN
campo de control 20250714162104.0
007 - CAMPO FIJO DE DESCRIPCIÓN FÍSICA--INFORMACIÓN GENERAL
campo de control de longitud fija ta
008 - DATOS DE LONGITUD FIJA--INFORMACIÓN GENERAL
campo de control de longitud fija 250713s2025 ck |||| |||| 00| | spa d
020 ## - NÚMERO INTERNACIONAL ESTÁNDAR DEL LIBRO
Número Internacional Estándar del Libro ISBN: 9789587536737
040 ## - FUENTE DE CATALOGACIÓN
Centro catalogador/agencia de origen Co-PeBPM
Lengua de catalogación spa
Centro/agencia transcriptor CO-PeBPM
Normas de descripción rda
041 ## - CÓDIGO DE IDIOMA
Código de lengua del texto/banda sonora o título independiente spa
082 04 - NÚMERO DE LA CLASIFICACIÓN DECIMAL DEWEY
Número de clasificación Co860.09 S161r
Número de edición 22
100 1# - ENTRADA PRINCIPAL--NOMBRE DE PERSONA
Nombre de persona Salavarrieta, Policarpa
Fechas asociadas al nombre , 1795-1817
Término indicativo de función/relación autora
245 10 - MENCIÓN DEL TÍTULO
Título Romperlo todo
Resto del título : Antología de literatura rebelde
Mención de responsabilidad, etc. / Policarpa Salavarrieta...[y otras diez y seis]; prólogo de Gloria Susana Esquivel; compilación Ana Lucía Barros Lozano, Camila Charry Noriega, Natalia Mejía E.
250 ## - MENCION DE EDICION
Mención de edición Primera edición
260 ## - PUBLICACIÓN, DISTRIBUCIÓN, ETC.
Lugar de publicación, distribución, etc. Bogotá, Colombia
Nombre del editor, distribuidor, etc. : Ministerio de las Culturas, las Artes y los Saberes
Fecha de publicación, distribución, etc. , 2025
300 ## - DESCRIPCIÓN FÍSICA
Extensión 296 páginas
Dimensiones 21 centímetros
490 ## - MENCIÓN DE SERIE
Mención de serie Biblioteca de escritoras colombianas
Designación de volumen o secuencia 10
500 ## - NOTA GENERAL
Nota general Incluye índice
520 ## - RESUMEN, ETC.
Sumario, etc. Estas son las mujeres que alzaron la voz, las letras o incluso las armas porque soñaron con una sociedad mejor para todas. Las que entregaron sus mentes y pusieron sus cuerpos al servicio de una causa. Las que pelearon las guerras para emanciparnos del yugo de la corona española o las desigualdades enquistadas en la sociedad moderna. Las que lograron que pudiéramos acceder a la educación y nos convirtiéramos en ciudadanas plenas. Las que lucharon por los trabajadores y la autonomía sobre nuestros cuerpos. Ellas son las que pagaron el precio por todas nosotras y aquí están sus palabras rebeldes y sus argumentos luminosos, junto con sus furores, sus alegrías, sus sufrimientos y la incalculable medida de su resistencia...Tomado de la contraportada.
600 14 - PUNTO DE ACCESO ADICIONAL DE MATERIA--NOMBRE DE PERSONA
Nombre de persona Sáenz, Manuela, 1797-1856
Fuente del encabezamiento o término LEMB
650 14 - PUNTO DE ACCESO ADICIONAL DE MATERIA--TÉRMINO DE MATERIA
Término de materia o nombre geográfico como elemento de entrada Literatura colombiana
Fuente del encabezamiento o término LEMB
650 14 - PUNTO DE ACCESO ADICIONAL DE MATERIA--TÉRMINO DE MATERIA
Término de materia o nombre geográfico como elemento de entrada Escritoras colombianas
Fuente del encabezamiento o término LEMB
650 14 - PUNTO DE ACCESO ADICIONAL DE MATERIA--TÉRMINO DE MATERIA
Término de materia o nombre geográfico como elemento de entrada Autoras colombianas - Siglo XIX-XX - Colecciones
Fuente del encabezamiento o término LEMB
700 14 - ENTRADA AGREGADA--NOMBRE PERSONAL
Nombre de persona Esquivel, Gloria Susana
Término indicativo de función/relación Prólogo
700 14 - ENTRADA AGREGADA--NOMBRE PERSONAL
Nombre de persona Sáenz, Manuela
Término indicativo de función/relación coautora
700 14 - ENTRADA AGREGADA--NOMBRE PERSONAL
Nombre de persona Martínez de Nisser, María
Término indicativo de función/relación coautora
700 14 - ENTRADA AGREGADA--NOMBRE PERSONAL
Nombre de persona Espinal, Betsabé
Término indicativo de función/relación coautora
700 14 - ENTRADA AGREGADA--NOMBRE PERSONAL
Nombre de persona Cano, María
Término indicativo de función/relación caoutora
700 14 - ENTRADA AGREGADA--NOMBRE PERSONAL
Nombre de persona Múnera, Claudina
Término indicativo de función/relación coautora
700 14 - ENTRADA AGREGADA--NOMBRE PERSONAL
Nombre de persona Isaza de Jaramillo Meza, Blanca
Término indicativo de función/relación coautora
700 14 - ENTRADA AGREGADA--NOMBRE PERSONAL
Nombre de persona Espinosa, Matilde
Término indicativo de función/relación coautora
700 14 - ENTRADA AGREGADA--NOMBRE PERSONAL
Nombre de persona Martínez de Varela, Teresa
Término indicativo de función/relación coautora
700 14 - ENTRADA AGREGADA--NOMBRE PERSONAL
Nombre de persona Uribe de Acosta, Ofelia
Término indicativo de función/relación coautora
700 14 - ENTRADA AGREGADA--NOMBRE PERSONAL
Nombre de persona Lucena, Clemencia
Término indicativo de función/relación coautora
700 14 - ENTRADA AGREGADA--NOMBRE PERSONAL
Nombre de persona Vásquez, María Eugenia
Término indicativo de función/relación coautora
700 14 - ENTRADA AGREGADA--NOMBRE PERSONAL
Nombre de persona Grabe, Vera
Término indicativo de función/relación coautora
700 14 - ENTRADA AGREGADA--NOMBRE PERSONAL
Nombre de persona Carranza, María Mercedes
Término indicativo de función/relación coautora
700 14 - ENTRADA AGREGADA--NOMBRE PERSONAL
Nombre de persona Thomas, Florence
Término indicativo de función/relación coautora
942 ## - ELEMENTOS DE ENTRADA SECUNDARIOS (KOHA)
Fuente del sistema de clasificación o colocación Clasificación Decimal Dewey
Tipo de ítem Koha Libros
Suprimir en OPAC No
Holdings
Estatus retirado Estado de pérdida Fuente del sistema de clasificación o colocación Estado de daño No para préstamo Colección Biblioteca de origen Biblioteca actual Ubicación en estantería Fecha de adquisición Fuente de adquisición Total de préstamos Signatura topográfica completa Código de barras Visto por última vez Copia número Precio de reemplazo Tipo de ítem Koha Total de renovaciones Fecha del último préstamo
    Clasificación Decimal Dewey     General BIBLIOTECA PÚBLICA MUNICIPAL RAMON CORREA MEJIA BIBLIOTECA PÚBLICA MUNICIPAL RAMON CORREA MEJIA Colección general 14/02/2025 Donación Biblioteca Nacional 1 Co860.09 S161r 62009 29/09/2025 Ej. 1 14/07/2025 Literatura 2 13/08/2025
    Clasificación Decimal Dewey     General BIBLIOTECA SAN JOAQUIN BIBLIOTECA SAN JOAQUIN Colección general 13/02/2025 Donación Biblioteca Nacional   Co860.09 S161r 61991 13/07/2025 Ej. 1 13/07/2025 Literatura    

Powered by Koha